000 00673nam a2200217 i 4500
001 133663
003 ES-MaACL
005 20250817115635.0
007 t|
008 070824s1967 sp ||||1| spa d
080 _a85-94"19"
100 1 _aMalaparte, Curzio.
_975687
245 1 0 _aDiario de un extranjero en París /
_cpor Curzio Malaparte ; [traducción de Francisco J. Alcántara].
250 _a1ª ed.
260 _aBarcelona :
_bPlaza & Janés,
_c1967.
300 _a265 p. ;
_c20 cm.
600 1 4 _aMalaparte, Curzio.
_975687
700 1 _aAlcántara, Francisco José,
_d1922-1999
_919493
852 _aES-MaACL
_jC-31322
999 _c133663
_d133663